书目信息 |
| 题名: |
大跨悬索桥理论
|
|
| 作者: | 陈仁福 著 | |
| 分册: | ||
| 出版信息: | 峨嵋 西南交通大学出版社 1994.12 |
|
| 页数: | 187页 | |
| 开本: | 16开 | |
| 丛书名: | ||
| 单 册: | ||
| 中图分类: | U448.25 | |
| 科图分类: | ||
| 主题词: | 桥涵工程 | |
| 电子资源: | ||
| ISBN: | 7-81022-799-8 | |
| 000 | 00548nam0 2200193 45 | |
| 001 | 0008161181 | |
| 005 | 20000918201831.2 | |
| 010 | @a7-81022-799-8@d9.90元 | |
| 100 | @a20000816d1994 km y0chiy0120 ea | |
| 101 | 0 | @achi |
| 105 | @a z 000yy | |
| 200 | 1 | @a大跨悬索桥理论@ADa Kua Xuan Suo Qiao Li Lun@f陈仁福著@FChen Ren Fu Zhu |
| 210 | @a峨嵋@c西南交通大学出版社@d1994.12 | |
| 215 | @a187页@d16开 | |
| 606 | 0 | @a桥涵工程 |
| 690 | @aU448.25@v3 | |
| 701 | 0 | @a陈仁福@4著 |
| 801 | @aCN@bPftUser@c20000816 | |
| 905 | @dU448.25@eCH251@b147657-666@f10 | |
| 大跨悬索桥理论/陈仁福著.-峨嵋:西南交通大学出版社,1994.12 |
| 187页;16开 |
| ISBN 7-81022-799-8:9.90元 |
| ● |
| 相关链接 |
|
|
|
正题名:大跨悬索桥理论
索取号:U448.25/CH251
 
预约/预借
| 序号 | 登录号 | 条形码 | 馆藏地/架位号 | 状态 | 备注 |
| 1 | 147657 | 201476571 | 土木与交通工程学院资料室/土木与交通学院资料室 1排1列1层/ [索取号:U448.25/CH251] | 在馆 | |
| 2 | 147658 | 201476580 | 土木与交通工程学院资料室/土木与交通学院资料室 1排1列1层/ [索取号:U448.25/CH251] | 在馆 | |
| 3 | 147659 | 201476599 | 土木与交通工程学院资料室/土木与交通学院资料室 1排1列1层/ [索取号:U448.25/CH251] | 在馆 | |
| 4 | 147660 | 201476606 | 土木与交通工程学院资料室/土木与交通学院资料室 1排1列1层/ [索取号:U448.25/CH251] | 在馆 | |
| 5 | 147661 | 201476615 | 土木与交通工程学院资料室/土木与交通学院资料室 1排1列1层/ [索取号:U448.25/CH251] | 在馆 | |
| 6 | 147662 | 201476624 | 土木与交通工程学院资料室/土木与交通学院资料室 1排1列1层/ [索取号:U448.25/CH251] | 在馆 | |
| 7 | 147663 | 201476633 | 土木与交通工程学院资料室/土木与交通学院资料室 1排1列1层/ [索取号:U448.25/CH251] | 在馆 | |
| 8 | 147664 | 201476642 | 土木与交通工程学院资料室/土木与交通学院资料室 1排1列1层/ [索取号:U448.25/CH251] | 在馆 | |
| 9 | 147665 | 201476651 | 土木与交通工程学院资料室/土木与交通学院资料室 1排1列1层/ [索取号:U448.25/CH251] | 在馆 | |
| 10 | 147666 | 201476660 | 期刊室512/501自科库 55排2列1层/ [索取号:U448.25/CH251] | 在馆 |